Poverenie zodpovednej osoby výzva splnomocnenca na ochranu osobných údajov v informačných systémoch

Bibliographic Details
Main Author: Husár, Pavol (Author)
Format: Article
Language:Slovak
Subjects:

MARC

LEADER 00000nab a2200000 a 4500
001 vtls000713592
003 SK-MaSNL
005 20260302194200.0
008 180205c2000 xo 0 slo
015 |a SNBRB2000/02-03341 
035 |a CLN000065759 
040 |a SNKBUCL  |b slo  |c SNKBUCL  |e AACR2 
041 0 |a slo 
044 |a xo  |c SK 
080 |a 31:347.18(4)  |2 UDC-MRF-SK2 
080 |a 347.18(4)  |2 UDC-MRF-SK2 
100 1 |a Husár, Pavol  |4 aut  |9 450477 
245 1 0 |a Poverenie zodpovednej osoby  |b výzva splnomocnenca na ochranu osobných údajov v informačných systémoch  |c Pavol Husár 
650 0 7 |a údaje osobné  |x ochrana právna  |z Európa  |2 snkbucl  |9 913901 
655 7 |a články z novín a časopisov  |2 snkbucl  |9 267496 
773 0 |t Verejná správa  |g Roč. 55, č. 2 (2000), s. 25 
850 |a Slovenská národná knižnica v Martine 
852 |a SNK  |b KIS3GCP 
958 |a RBX 
999 |c 1447653  |d 1449583